| 000 | 00513nam a2200181Ia 4500 | ||
|---|---|---|---|
| 003 | OSt | ||
| 005 | 20260219155757.0 | ||
| 020 | _a978-0-13115291-2 | ||
| 040 | _cLC | ||
| 050 | _aQH 308.7 .M 55 2004 | ||
| 100 | _aMILLER, KENNETH R | ||
| 245 | 0 | _aBIOLOGY | |
| 260 |
_aUPPER SADDLE RIVER, NEW JERSEY, _bPEARSON PRENTICE HALL, _c2004, |
||
| 300 | _aXXii, 1146 P, ILL | ||
| 500 | _aINCLUDES BIBLIOGRAPHICAL REFERENCES AND INDEX | ||
| 650 | _aBiology-Study and teaching, (Secondary)-Textbooks | ||
| 942 |
_cBK _2lcc |
||
| 999 |
_c191687 _d191687 |
||